书目信息 |
| 题名: |
大学物理
|
|
| 作者: | 梁志强 , 李洪云 主编 | |
| 分册: | 下册 | |
| 出版信息: | 北京 中国水利水电出版社 2017 |
|
| 页数: | 172页 | |
| 开本: | 23cm | |
| 丛书名: | 应用技术型高等教育“十三五”精品规划教材 | |
| 单 册: | ||
| 中图分类: | O4-43 | |
| 科图分类: | ||
| 主题词: | 物理学--wu li xue--高等学校--教材 | |
| 电子资源: | ||
| ISBN: | 978-7-5170-4980-7 | |
| 000 | 01162nam 2200313 450 | |
| 001 | 012001002790 | |
| 005 | 20191121144425.34 | |
| 010 | @a978-7-5170-4980-7@dCNY26.00 | |
| 099 | @aCAL 012017054814 | |
| 100 | @a20170301d2017 em y0chiy50 ea | |
| 101 | 0 | @achi |
| 102 | @aCN@b110000 | |
| 105 | @ay a 000yy | |
| 106 | @ar | |
| 200 | 1 | @a大学物理@Ada xue wu li@h下册@f主编梁志强, 李洪云 |
| 205 | @a第2版 | |
| 210 | @a北京@c中国水利水电出版社@d2017 | |
| 215 | @a172页@d23cm | |
| 225 | 2 | @a应用技术型高等教育“十三五”精品规划教材@Aying yong ji shu xing gao deng jiao yu“shi san wu”jing pin gui hua jiao cai |
| 320 | @a有书目 | |
| 330 | @a本书内容涵盖基本要求的核心内容及部分扩展内容,下册包括机械振动、波动、热学、光学、近代物理基础6章内容。 | |
| 333 | @a本书可作为高等学校工科各专业的教材或参考书,也可作为高职类大学的教材,或供自学者阅读。 | |
| 410 | 0 | @12001 @a应用技术型高等教育“十三五”精品规划教材 |
| 606 | 0 | @a物理学@Awu li xue@x高等学校@j教材 |
| 690 | @aO4-43@v5 | |
| 701 | 0 | @a梁志强@Aliang zhi qiang@4主编 |
| 701 | 0 | @a李洪云@Ali hong yun@4主编 |
| 801 | 0 | @aCN@b北京卓展@c20191020 |
| 905 | @b1205824-5@dO4-43@e1013:2=2@f2 | |
| 大学物理.下册/主编梁志强, 李洪云.-第2版.-北京:中国水利水电出版社,2017 |
| 172页;23cm.-(应用技术型高等教育“十三五”精品规划教材) |
| 使用对象:本书可作为高等学校工科各专业的教材或参考书,也可作为高职类大学的教材,或供自学者阅读。 |
| ISBN 978-7-5170-4980-7:CNY26.00 |
| 本书内容涵盖基本要求的核心内容及部分扩展内容,下册包括机械振动、波动、热学、光学、近代物理基础6章内容。 |
| ● |
| 相关链接 |
|
|
|
|
正题名:大学物理
索取号:O4-43/1013:2=2
 
预约/预借
| 序号 | 登录号 | 条形码 | 馆藏地/架位号 | 状态 | 备注 |
| 1 | 1205824 | 212058244 | 第二样本阅览室/ [索取号:O4-43/1013:2=2] | 在馆 | |
| 2 | 1205825 | 212058253 | 第三借阅区/ [索取号:O4-43/1013:2=2] | 在馆 |